000 00590nam a2200217 a 4500
001 BRCA_7907
005 20190320210039.0
008 170214s1965----mx-#######---#000-0#spa-#
041 _aspa
044 _amx
050 4 _aF1233.5
_b.L56 1965
100 1 _aLimantour, Jose Yves
_919557
245 1 0 _aApuntes sobre mi vida publica
_cJose Yves Limantour.
260 _aMéxico
_bPorrúa
_c1965
300 _axviii, 359 p.
_c22 cm.
500 _aY190
651 4 _aMéxico
_xPolítica y gobierno
_z1867-1910
_919558
651 4 _aMéxico
_xEconomía
_916888
902 _aGFM
942 _2lcc
_cB
999 _c7579
_d7579